[Event "I Open Adriatico Ionio A"]
[Site "Ancona ITA"]
[Date "2009.01.05"]
[Round "5"]
[White "Rovedi, Mauro"]
[Black "Madeira Martins, Wagner"]
[Result "1-0"]
[WhiteElo "2047"]
[BlackElo "2212"]
[PlyCount "89"]
[EventDate "2009.01.02"]

1. f4 g6 2. Nf3 Bg7 3. e3 d6 4. Nc3 c5 5. b3 Nc6 6. Bb2 a6 7. Be2 b5 8. O-O Bb7
9. Qc1 Nf6 10. Nd5 O-O 11. Nxf6+ exf6 12. c4 b4 13. d4 Qe7 14. Bd3 f5 15. Re1
Rae8 16. d5 Nb8 17. e4 fxe4 18. Bxe4 Qd8 19. f5 Nd7 20. Bxg7 Kxg7 21. fxg6 hxg6
22. Qf4 Qf6 23. Qxf6+ Nxf6 24. Bc2 Bc8 25. h3 Nd7 26. Rac1 Nf6 27. Kf2 Bd7 28.
Ng5 a5 29. Kf3 Rh8 30. Kf2 Rxe1 31. Rxe1 Re8 32. Rxe8 Nxe8 33. g4 Kf6 34. Nf3
g5 35. Ke3 Nc7 36. Nd2 Ke7 37. Nf1 Na8 38. Ng3 Nb6 39. Bf5 a4 40. Kd3 Be8 41.
Ne4 f6 42. Kc2 a3 43. Kd3 Nd7 44. Bxd7 Kxd7 45. Nxf6+ 1-0

[Event "I Open Adriatico Ionio A"]
[Site "Ancona ITA"]
[Date "2009.01.05"]
[Round "5"]
[White "Skembris, Spyridon"]
[Black "De Santis, Alessio"]
[Result "1/2-1/2"]
[WhiteElo "2413"]
[BlackElo "2278"]
[PlyCount "51"]
[EventDate "2009.01.02"]

1. d4 Nf6 2. c4 e6 3. Nf3 b6 4. g3 Bb7 5. Bg2 Be7 6. O-O O-O 7. Nc3 Ne4 8. Bd2
d6 9. d5 Nxd2 10. Nxd2 e5 11. f4 exf4 12. gxf4 Nd7 13. Nde4 a6 14. e3 Bc8 15.
a4 f5 16. Ng3 Bf6 17. Qc2 Bxc3 18. Qxc3 Qf6 19. Qc2 a5 20. e4 fxe4 21. Nxe4 Qg6
22. Ra3 Nc5 23. Rg3 Qh6 24. Nxc5 bxc5 25. Be4 Bd7 26. b3 1/2-1/2

[Event "I Open Adriatico Ionio A"]
[Site "Ancona ITA"]
[Date "2009.01.05"]
[Round "5"]
[White "Stella, Andrea"]
[Black "Foglia, Maurizio"]
[Result "1/2-1/2"]
[WhiteElo "2273"]
[BlackElo "2164"]
[PlyCount "27"]
[EventDate "2009.01.02"]

1. d4 d5 2. Nf3 Nf6 3. e3 g6 4. c4 c6 5. Bd3 Bg7 6. O-O O-O 7. Nbd2 Bf5 8. Qc2
Bxd3 9. Qxd3 Nbd7 10. cxd5 Nxd5 11. e4 Nf4 12. Qe3 Qc7 13. Nb3 Ne6 14. Bd2
1/2-1/2

[Event "I Open Adriatico Ionio A"]
[Site "Ancona ITA"]
[Date "2009.01.05"]
[Round "5"]
[White "Tocchioni, Doriano"]
[Black "Kizov, Atanas"]
[Result "1/2-1/2"]
[WhiteElo "2264"]
[BlackElo "2404"]
[PlyCount "73"]
[EventDate "2009.01.02"]

1. d4 d5 2. Nf3 c5 3. c4 dxc4 4. d5 e6 5. e4 exd5 6. exd5 Nf6 7. Bxc4 Bd6 8.
O-O O-O 9. Bg5 h6 10. Bh4 a6 11. a4 Bg4 12. Nc3 Nbd7 13. Be2 Qc7 14. Bg3 Rfe8
15. Qb3 Rab8 16. Rad1 Ne4 17. Rfe1 Ndf6 18. Qc2 Bxg3 19. hxg3 Rbd8 20. Bc4 Nd6
21. b3 Qa5 22. Qd2 Qb4 23. Nb1 Qxd2 24. Rxe8+ Rxe8 25. Nbxd2 b5 26. axb5 axb5
27. Bf1 Nxd5 28. Nc4 bxc4 29. Rxd5 c3 30. Rxc5 Ne4 31. Rc7 Rd8 32. Ne5 Be6 33.
Bd3 Rd5 34. Bxe4 Rxe5 35. Rc4 f5 36. Bd3 f4 37. Rxc3 1/2-1/2

[Event "I Open Adriatico Ionio A"]
[Site "Ancona ITA"]
[Date "2009.01.06"]
[Round "6"]
[White "De Santis, Alessio"]
[Black "Bruno, Fabio"]
[Result "1-0"]
[WhiteElo "2278"]
[BlackElo "2460"]
[PlyCount "59"]
[EventDate "2009.01.02"]

1. d4 d5 2. c4 c6 3. Nc3 Nf6 4. e3 e6 5. Nf3 Nbd7 6. Bd3 dxc4 7. Bxc4 b5 8. Bd3
a6 9. e4 c5 10. d5 Qc7 11. O-O c4 12. dxe6 fxe6 13. Bc2 Bb7 14. Nd4 Nc5 15. Be3
Rd8 16. Qf3 Qe5 17. Qh3 Nfxe4 18. f4 Qf6 19. Nxe4 Bxe4 20. Bxe4 Nxe4 21. Nxe6
Rd3 22. Rae1 Be7 23. f5 Kd7 24. Qg4 Qe5 25. Bf4 Bc5+ 26. Nxc5+ Qxc5+ 27. Kh1
Re8 28. f6+ Kd8 29. Rxe4 Rxe4 30. fxg7 1-0

[Event "I Open Adriatico Ionio A"]
[Site "Ancona ITA"]
[Date "2009.01.06"]
[Round "6"]
[White "Iordachescu, Viorel"]
[Black "Bellia, Fabrizio"]
[Result "1-0"]
[WhiteElo "2584"]
[BlackElo "2413"]
[PlyCount "97"]
[EventDate "2009.01.02"]

1. e4 c5 2. Nf3 Nc6 3. Bb5 g6 4. Bxc6 dxc6 5. d3 Bg7 6. h3 Nf6 7. Nc3 O-O 8.
Bf4 Nh5 9. Be3 Qd6 10. Qd2 e5 11. Ne2 f5 12. Bh6 Bxh6 13. Qxh6 f4 14. Qg5 Re8
15. g3 fxg3 16. fxg3 Qe7 17. Qe3 Rf8 18. O-O-O Bd7 19. Rdf1 Rae8 20. a3 Kg7 21.
Kd1 h6 22. Ke1 b6 23. Nd2 Rxf1+ 24. Kxf1 Rf8+ 25. Kg2 Qe6 26. b3 Qe7 27. a4 Be6
28. Rf1 Rxf1 29. Nxf1 Qg5 30. Qxg5 hxg5 31. Ne3 Nf6 32. Kf3 Kf7 33. Ng1 Ke7 34.
g4 Ne8 35. Ke2 Nd6 36. Nf3 Kf6 37. Kd2 a6 38. Nd1 b5 39. Nc3 b4 40. Ne2 a5 41.
Ke3 Nf7 42. Ng3 Ke7 43. Nf1 Kf6 44. N1d2 Ke7 45. Kf2 Kf6 46. Kg3 Ke7 47. Ne1
Kf6 48. Ng2 Nh6 49. Ne3 1-0

[Event "I Open Adriatico Ionio A"]
[Site "Ancona ITA"]
[Date "2009.01.06"]
[Round "6"]
[White "Kizov, Atanas"]
[Black "Vuelban, Virgilio"]
[Result "0-1"]
[WhiteElo "2404"]
[BlackElo "2411"]
[PlyCount "104"]
[EventDate "2009.01.02"]

1. d4 Nf6 2. Nf3 e6 3. g3 b6 4. Bg2 Bb7 5. O-O c5 6. c4 cxd4 7. Qxd4 d6 8. Nc3
a6 9. Bg5 Nbd7 10. Rfd1 Be7 11. Bxf6 Nxf6 12. e4 Qc7 13. Rac1 Rc8 14. b3 O-O
15. Qe3 Rfd8 16. Na4 Nd7 17. Nd4 Re8 18. h3 Qb8 19. Kh2 Bf8 20. Nf3 Ba8 21. Nc3
Rc7 22. e5 dxe5 23. Nxe5 Bc5 24. Nxd7 Bxe3 25. Nxb8 Bxc1 26. Nxa6 Ra7 27. Nb5
Rxa6 28. Nc7 Rxa2 29. Nxa8 Rxf2 30. Nxb6 Ba3 31. Na4 h5 32. c5 Rc8 33. Kg1 Rc2
34. c6 R8xc6 35. Bxc6 Rxc6 36. Kg2 g5 37. Kf3 Kg7 38. Rd3 f5 39. g4 hxg4+ 40.
hxg4 Kf6 41. Nc3 Rc8 42. gxf5 exf5 43. b4 g4+ 44. Kg2 Bb2 45. Nd5+ Kg5 46. b5
Rc2+ 47. Kf1 f4 48. Nb4 Rc1+ 49. Kf2 g3+ 50. Kg2 Ba3 51. Rxa3 Kg4 52. Nd3 f3#
0-1

[Event "I Open Adriatico Ionio A"]
[Site "Ancona ITA"]
[Date "2009.01.06"]
[Round "6"]
[White "Lazic, Miroljub"]
[Black "Guido, Flavio"]
[Result "1/2-1/2"]
[WhiteElo "2454"]
[BlackElo "2382"]
[PlyCount "70"]
[EventDate "2009.01.02"]

1. Nf3 Nf6 2. g3 g6 3. Bg2 Bg7 4. O-O d5 5. d3 O-O 6. c3 c5 7. Qa4 h6 8. e4 Nc6
9. Re1 e5 10. Nbd2 d4 11. cxd4 cxd4 12. b4 Nd7 13. b5 Nb6 14. Qd1 Ne7 15. a4 a6
16. Ba3 axb5 17. axb5 Be6 18. Nb3 Na4 19. Nbxd4 exd4 20. Bxe7 Qxe7 21. Rxa4 Qc5
22. e5 Rxa4 23. Qxa4 Rd8 24. h3 b6 25. Re4 Bf5 26. Rxd4 Rxd4 27. Nxd4 Bxd3 28.
Qa8+ Kh7 29. Nc6 Bxb5 30. Qe8 Bxc6 31. Bxc6 Qxe5 32. Qxf7 Qf6 33. Qe8 Bf8 34.
Bd5 h5 35. Qf7+ Qxf7 1/2-1/2

[Event "I Open Adriatico Ionio A"]
[Site "Ancona ITA"]
[Date "2009.01.06"]
[Round "6"]
[White "Madeira Martins, Wagner"]
[Black "Foglia, Maurizio"]
[Result "0-1"]
[WhiteElo "2212"]
[BlackElo "2164"]
[PlyCount "158"]
[EventDate "2009.01.02"]

1. e4 Nf6 2. e5 Nd5 3. Nc3 c6 4. Nxd5 cxd5 5. d4 d6 6. Nf3 Bg4 7. h3 Bh5 8.
exd6 Qxd6 9. c3 Nc6 10. Be2 e6 11. Qb3 Qd7 12. O-O Bxf3 13. Bxf3 Bd6 14. a4 O-O
15. Qb5 a6 16. Qd3 Rac8 17. Re1 Ne7 18. Bd1 Qc7 19. Bc2 g6 20. Bh6 Rfe8 21. Qf3
Nc6 22. Re2 Bf8 23. Bxf8 Rxf8 24. Rae1 Qd6 25. h4 Rfe8 26. h5 Qf8 27. Qf4 Qg7
28. hxg6 hxg6 29. Bd3 Red8 30. Re3 Rd7 31. Rg3 Re8 32. Qg5 e5 33. dxe5 Rxe5 34.
Rxe5 Qxe5 35. Qg4 Re7 36. Re3 Qf6 37. Qc8+ Kg7 38. Rh3 Re1+ 39. Bf1 Nd8 40. Rd3
Qe7 41. Qg4 Nc6 42. Rd1 Re4 43. Qg3 Rxa4 44. Rxd5 Qe1 45. Qe3 Qxe3 46. fxe3 Ra2
47. b4 Kf6 48. b5 axb5 49. Bxb5 Ne5 50. Rd6+ Kg5 51. Rd5 f6 52. Bd7 Kh4 53. Kf1
Kg3 54. Ke1 Kxg2 55. Bc8 Rb2 56. Rd6 f5 57. Re6 Nf3+ 58. Kd1 g5 59. Rf6 Kf2 60.
Bxf5 Kxe3 61. Kc1 Rb5 62. Bd7 Rc5 63. Kb2 Ne5 64. Bh3 Nd3+ 65. Kc2 Nb4+ 66. Kb3
Nd5 67. Re6+ Kf4 68. c4 Ne3 69. Rf6+ Kg3 70. Bf1 Nxf1 71. Rxf1 g4 72. Kb4 Kg2
73. Rf6 Rc7 74. Rg6 g3 75. Kb5 Rf7 76. Rd6 Kg1 77. Kb6 g2 78. c5 Kf2 79. Rd2+
Kg3 0-1

[Event "I Open Adriatico Ionio A"]
[Site "Ancona ITA"]
[Date "2009.01.06"]
[Round "6"]
[White "Medancic, Rikard"]
[Black "Tocchioni, Doriano"]
[Result "0-1"]
[WhiteElo "2242"]
[BlackElo "2264"]
[PlyCount "84"]
[EventDate "2009.01.02"]

1. d4 c6 2. Nf3 d5 3. g3 Bg4 4. Ne5 Bf5 5. Bg2 Nd7 6. Nf3 Ngf6 7. Nbd2 e6 8. c4
h6 9. O-O Be7 10. b3 O-O 11. Bb2 Ne4 12. e3 a5 13. a3 a4 14. b4 Nxd2 15. Nxd2
Bd3 16. Re1 dxc4 17. Rc1 b5 18. Bxc6 Rb8 19. Bg2 f5 20. Qh5 Nf6 21. Qh3 Rb6 22.
Nf3 Bd6 23. Ne5 Bxe5 24. dxe5 Ne4 25. Bd4 Rb7 26. Qh5 Rd7 27. Bb2 Kh7 28. Qf3
g5 29. Qh5 g4 30. h3 Rg8 31. hxg4 Rxg4 32. Bf3 Rg5 33. Qh2 Nd2 34. Bg2 Be4 35.
Red1 Bf3 36. Rxd2 Rxd2 37. Bxf3 Rxb2 38. Qg2 Qd3 39. Rd1 Rb1 40. Rxb1 Qxb1+ 41.
Kh2 Qb2 42. e4 Qxe5 0-1

[Event "I Open Adriatico Ionio A"]
[Site "Ancona ITA"]
[Date "2009.01.06"]
[Round "6"]
[White "Rotoni, Matteo"]
[Black "Jakovljevic, Vlado"]
[Result "0-1"]
[WhiteElo "2168"]
[BlackElo "2420"]
[PlyCount "110"]
[EventDate "2009.01.02"]

1. e4 c5 2. c3 Nf6 3. e5 Nd5 4. d4 cxd4 5. cxd4 d6 6. Nf3 Nc6 7. Bc4 Nb6 8. Bb5
d5 9. O-O Bf5 10. Nc3 Rc8 11. Be3 e6 12. Rc1 a6 13. Bd3 Bxd3 14. Qxd3 Be7 15.
Nd2 O-O 16. Ne2 Qd7 17. Qb3 Nc4 18. Nxc4 dxc4 19. Qa4 Nxe5 20. Qa5 Nd3 21. Rb1
Nb4 22. Qh5 Nxa2 23. Nf4 Nb4 24. Qg4 Nd5 25. Nh5 g6 26. Bh6 Rfd8 27. Ng3 Nf6
28. Qf3 Qd5 29. Qe2 Bf8 30. Bf4 Bg7 31. Be5 Nd7 32. Bxg7 Kxg7 33. Rbd1 Nf6 34.
Rfe1 Rd7 35. Qe3 Rcd8 36. Qf4 Nh5 37. Qg4 Nxg3 38. hxg3 Qf5 39. Qh4 Qf6 40. Qe4
Rd5 41. g4 b5 42. Ra1 Rxd4 43. g5 Qxg5 44. Qb7 R8d5 45. Qc7 Qf6 46. Rxa6 Rd1
47. Ra1 Rxa1 48. Rxa1 Qxb2 49. Re1 Qf6 50. g3 c3 51. Re3 b4 52. Kg2 h5 53. Qb7
Rf5 54. f4 c2 55. Qc8 Qb2 0-1

[Event "I Open Adriatico Ionio A"]
[Site "Ancona ITA"]
[Date "2009.01.06"]
[Round "6"]
[White "Trabert, Bettina"]
[Black "Stella, Andrea"]
[Result "1/2-1/2"]
[WhiteElo "2306"]
[BlackElo "2273"]
[PlyCount "65"]
[EventDate "2009.01.02"]

1. e4 e6 2. d4 d5 3. Nd2 c5 4. exd5 Qxd5 5. Ngf3 cxd4 6. Bc4 Qd6 7. O-O Nf6 8.
Nb3 Nc6 9. Nbxd4 Nxd4 10. Nxd4 a6 11. c3 Qc7 12. Bb3 Bd6 13. h3 O-O 14. Bg5 b6
15. Re1 Kh8 16. Bc2 Bh2+ 17. Kh1 Bf4 18. Qf3 Nd5 19. Bxf4 Qxf4 20. Be4 Qh4 21.
Bxd5 exd5 22. Re5 Bd7 23. Rxd5 Rad8 24. Re1 Rfe8 25. Rxe8+ Bxe8 26. Rxd8 Qxd8
27. Qe4 a5 28. Kg1 f6 29. Qb7 Kg8 30. a3 h6 31. Qe4 Bf7 32. Nf5 Qd7 33. Nd4
1/2-1/2

[Event "I Open Adriatico Ionio A"]
[Site "Ancona ITA"]
[Date "2009.01.07"]
[Round "7"]
[White "Bellia, Fabrizio"]
[Black "Kizov, Atanas"]
[Result "0-1"]
[WhiteElo "2413"]
[BlackElo "2404"]
[PlyCount "86"]
[EventDate "2009.01.02"]

1. e4 d6 2. d4 Nf6 3. Nc3 e5 4. Nf3 Nbd7 5. Bc4 Be7 6. O-O O-O 7. Re1 c6 8. a4
a5 9. h3 exd4 10. Nxd4 Nc5 11. Qf3 Ncxe4 12. Nxe4 d5 13. Nxf6+ Bxf6 14. Rd1
dxc4 15. Ne6 Bxe6 16. Rxd8 Rfxd8 17. Bf4 Rd5 18. Qg3 h5 19. h4 Rad8 20. Kh2
R8d7 21. c3 Rf5 22. Re1 Rdd5 23. Kg1 b5 24. Bc1 bxa4 25. Bf4 Kh7 26. Ra1 Rd3
27. f3 a3 28. Rxa3 Rd1+ 29. Kf2 Rh1 30. Bg5 Be5 31. f4 Bd6 32. Ra2 f6 33. Qf3
Bf7 34. Qxc6 Rd1 35. Ke2 Rdd5 36. Qb7 Be6 37. Bxf6 Rxf6 38. g3 Bg4+ 39. Kf1
Rd1+ 40. Kg2 Rd2+ 41. Kh1 Re6 42. Ra1 Re3 43. Rf1 Bf3+ 0-1

[Event "I Open Adriatico Ionio A"]
[Site "Ancona ITA"]
[Date "2009.01.07"]
[Round "7"]
[White "De Santis, Alessio"]
[Black "Iordachescu, Viorel"]
[Result "1/2-1/2"]
[WhiteElo "2278"]
[BlackElo "2584"]
[PlyCount "23"]
[EventDate "2009.01.02"]

1. d4 Nf6 2. Nf3 e6 3. g3 b5 4. Bg2 Bb7 5. Qd3 a6 6. O-O Be7 7. Nbd2 d6 8. e4
O-O 9. Re1 h6 10. a4 b4 11. c4 Nfd7 12. b3 1/2-1/2

[Event "I Open Adriatico Ionio A"]
[Site "Ancona ITA"]
[Date "2009.01.07"]
[Round "7"]
[White "Drasko, Milan"]
[Black "Vuelban, Virgilio"]
[Result "1-0"]
[WhiteElo "2533"]
[BlackElo "2411"]
[PlyCount "81"]
[EventDate "2009.01.02"]

1. d4 Nf6 2. c4 g6 3. Nf3 Bg7 4. g3 O-O 5. Bg2 d6 6. O-O Nbd7 7. Qc2 e5 8. Rd1
Qe7 9. Nc3 c6 10. b3 Re8 11. e4 exd4 12. Nxd4 Nc5 13. f3 Nfd7 14. Nce2 a5 15.
Rb1 Ne5 16. h3 h5 17. a3 h4 18. g4 Bd7 19. Bb2 a4 20. b4 Nb3 21. Nxb3 axb3 22.
Qc3 f5 23. f4 fxg4 24. fxe5 Bxe5 25. Qxb3 gxh3 26. Bxh3 Qg5+ 27. Kh1 Bxh3 28.
Qxh3 Bxb2 29. Rxb2 Rxe4 30. Rxd6 Rxe2 31. Rxg6+ Qxg6 32. Rxe2 Qh6 33. Rg2+ Kh8
34. Qc3+ Kh7 35. Qd3+ Kh8 36. Qd4+ Kh7 37. Qe4+ Kh8 38. Qe5+ Kh7 39. Rg5 Re8
40. Qf5+ Kh8 41. Rh5 1-0

[Event "I Open Adriatico Ionio A"]
[Site "Ancona ITA"]
[Date "2009.01.07"]
[Round "7"]
[White "Foglia, Maurizio"]
[Black "Rago, Riccardo"]
[Result "1/2-1/2"]
[WhiteElo "2164"]
[BlackElo "2076"]
[PlyCount "37"]
[EventDate "2009.01.02"]

1. d4 Nf6 2. Nf3 g6 3. g3 Bg7 4. Bg2 O-O 5. O-O d6 6. c4 Nbd7 7. Nc3 e5 8. b3
Re8 9. dxe5 Nxe5 10. Nd4 a6 11. h3 Bd7 12. e4 Nc6 13. Be3 Nxd4 14. Bxd4 c5 15.
Bxf6 Qxf6 16. Nd5 Qxa1 17. Qxa1 Bxa1 18. Rxa1 Bc6 19. Nc7 1/2-1/2

[Event "I Open Adriatico Ionio A"]
[Site "Ancona ITA"]
[Date "2009.01.07"]
[Round "7"]
[White "Jakovljevic, Vlado"]
[Black "Lazic, Miroljub"]
[Result "1/2-1/2"]
[WhiteElo "2420"]
[BlackElo "2454"]
[PlyCount "66"]
[EventDate "2009.01.02"]

1. Nf3 d5 2. d4 Nf6 3. c4 c6 4. e3 e6 5. Bd3 a6 6. O-O Nbd7 7. Nbd2 dxc4 8.
Nxc4 c5 9. Qe2 Be7 10. Rd1 cxd4 11. exd4 O-O 12. Bd2 Nd5 13. a3 N7f6 14. Nfe5
Bd7 15. Nxd7 Qxd7 16. Ne5 Qd6 17. Rac1 Rac8 18. Nc4 Qb8 19. Qf3 Qa7 20. Bg5 Rc7
21. Ne5 Rxc1 22. Bxc1 Qb8 23. h3 Qd8 24. Nc4 Ne8 25. Be4 Nef6 26. Bb1 Qc7 27.
Ne5 Bd6 28. Qe2 Rc8 29. Bg5 h6 30. Bxf6 Nxf6 31. Ng4 Nxg4 32. Qxg4 Qc1 33. Qe2
Qf4 1/2-1/2

[Event "I Open Adriatico Ionio A"]
[Site "Ancona ITA"]
[Date "2009.01.07"]
[Round "7"]
[White "Madeira Martins, Wagner"]
[Black "Rotoni, Matteo"]
[Result "0-1"]
[WhiteElo "2212"]
[BlackElo "2168"]
[PlyCount "82"]
[EventDate "2009.01.02"]

1. e4 e6 2. d4 d5 3. Nc3 Bb4 4. Nge2 Nc6 5. Qd3 Nge7 6. a3 Ba5 7. Bd2 O-O 8.
O-O-O dxe4 9. Nxe4 Bxd2+ 10. Rxd2 Ng6 11. h4 f5 12. Ng5 h6 13. Nf3 Qf6 14. h5
Nge7 15. g3 Bd7 16. Bg2 Rad8 17. Nf4 Bc8 18. Re1 Rd6 19. c3 a6 20. Rde2 Na5 21.
Qc2 Nc4 22. Ne5 Nb6 23. Qb3 Nbd5 24. Nc4 Rc6 25. Nxd5 Nxd5 26. Bxd5 exd5 27.
Na5 Rd6 28. Nxb7 Rb6 29. Qxd5+ Kh7 30. Nc5 Qg5+ 31. Kb1 Qxh5 32. Re7 Qg6 33.
Ka1 Rd6 34. Qe5 Rf7 35. Re8 Bd7 36. Rd8 Bb5 37. Qf4 Rxd8 38. Ne6 Re8 39. d5 c6
40. Rh1 Kg8 41. c4 cxd5 0-1

[Event "I Open Adriatico Ionio A"]
[Site "Ancona ITA"]
[Date "2009.01.07"]
[Round "7"]
[White "Rovedi, Mauro"]
[Black "Trabert, Bettina"]
[Result "0-1"]
[WhiteElo "2047"]
[BlackElo "2306"]
[PlyCount "104"]
[EventDate "2009.01.02"]

1. f4 d5 2. Nf3 g6 3. e3 Bg7 4. Nc3 Nf6 5. b3 O-O 6. Bb2 c5 7. Ne2 Nc6 8. Ne5
Qc7 9. Nxc6 bxc6 10. Be5 Qa5 11. c3 Nd7 12. Bxg7 Kxg7 13. Qc2 e5 14. g3 c4 15.
b4 Qc7 16. Bh3 Nc5 17. Bxc8 Nd3+ 18. Kf1 Qxc8 19. Kg2 Qf5 20. Kg1 g5 21. Rf1
exf4 22. exf4 Qe4 23. Qd1 Rae8 24. Nd4 gxf4 25. Qf3 Kh8 26. Nxc6 Rg8 27. Nd4
Qe5 28. Kg2 Rg6 29. Rhg1 Reg8 30. Kh1 R8g7 31. g4 Rg8 32. Qe2 Qc7 33. h3 Qd7
34. Nf3 Re8 35. Qg2 Rge6 36. Nd4 Re4 37. Rf3 Ne1 38. Qf2 Nxf3 39. Nxf3 Qe7 40.
a4 a6 41. b5 axb5 42. axb5 Rb8 43. Nd4 Qf6 44. g5 Qg6 45. Rg4 Ra8 46. Nf3 Ra1+
47. Kh2 Rb1 48. Qc5 h5 49. Rg2 Kg7 50. Qxd5 Qe6 51. Qc5 Qd7 52. Nd4 Ree1 0-1

[Event "I Open Adriatico Ionio A"]
[Site "Ancona ITA"]
[Date "2009.01.07"]
[Round "7"]
[White "Stella, Andrea"]
[Black "Medancic, Rikard"]
[Result "1/2-1/2"]
[WhiteElo "2273"]
[BlackElo "2242"]
[PlyCount "119"]
[EventDate "2009.01.02"]

1. d4 d5 2. c4 dxc4 3. e3 Nf6 4. Bxc4 e6 5. Nf3 c5 6. O-O a6 7. Bb3 Nc6 8. Qe2
Qc7 9. Rd1 Be7 10. Nc3 O-O 11. a3 b5 12. Bc2 Bb7 13. dxc5 Bxc5 14. b4 Ba7 15.
Ne4 Nxe4 16. Bxe4 f5 17. Bb1 Rad8 18. Rxd8 Rxd8 19. Ba2 Qd6 20. Bb2 h6 21. Qc2
Kh8 22. Qb3 Re8 23. Rd1 Qc7 24. Qc2 Bb8 25. e4 Qf7 26. exf5 Qxf5 27. Qd2 Qh5
28. Bb1 Ne7 29. Qc3 e5 30. h3 Nd5 31. Qc2 Nf6 32. Qf5 Qxf5 33. Bxf5 e4 34. Nd2
Bc8 35. Bg6 Rf8 36. Bxf6 gxf6 37. Bxe4 Re8 38. Bc6 Rg8 39. g4 Bxg4 40. hxg4 Be5
41. Bb7 Rb8 42. Bxa6 Ra8 43. Bxb5 Rxa3 44. Be2 Ra1 45. Rxa1 Bxa1 46. b5 Bd4 47.
Kf1 Kg8 48. Bd3 Kf7 49. Ke2 Ke6 50. f3 Kd5 51. Kd1 Kc5 52. Bf1 Ba1 53. Kc2 Bd4
54. Kb3 Kd5 55. f4 Bb6 56. g5 Bd8 57. Bg2+ Ke6 58. Kc4 Bb6 59. Bf3 Kd6 60. Bh5
1/2-1/2

[Event "I Open Adriatico Ionio A"]
[Site "Ancona ITA"]
[Date "2009.01.07"]
[Round "7"]
[White "Tocchioni, Doriano"]
[Black "Guido, Flavio"]
[Result "0-1"]
[WhiteElo "2264"]
[BlackElo "2382"]
[PlyCount "42"]
[EventDate "2009.01.02"]

1. d4 Nf6 2. Nf3 g6 3. Bg5 Bg7 4. Nc3 d5 5. Bxf6 Bxf6 6. e4 c6 7. Qd2 Qa5 8.
O-O-O dxe4 9. Nxe4 Qxa2 10. Nxf6+ exf6 11. Re1+ Be6 12. Qb4 b5 13. c4 Na6 14.
Qd6 Qa1+ 15. Kc2 Qa4+ 16. Kb1 Nb4 17. Rxe6+ fxe6 18. Qxe6+ Kd8 19. Qxf6+ Kc7
20. Qf4+ Kb6 21. cxb5 Qc2+ 0-1

[Event "I Open Adriatico Ionio A"]
[Site "Ancona ITA"]
[Date "2009.01.08"]
[Round "8"]
[White "Bellia, Fabrizio"]
[Black "Tocchioni, Doriano"]
[Result "1-0"]
[WhiteElo "2413"]
[BlackElo "2264"]
[PlyCount "37"]
[EventDate "2009.01.02"]

1. e4 Nc6 2. Nf3 d6 3. d4 Nf6 4. Nc3 Bg4 5. d5 Bxf3 6. Qxf3 Ne5 7. Qg3 a6 8. f4
Ng6 9. Bd3 Qd7 10. O-O Qg4 11. Qf2 Qc8 12. e5 Nd7 13. Qg3 c6 14. e6 Nf6 15. Bf5
Kd8 16. Be3 Kc7 17. Qh3 fxe6 18. Bxg6 Nxd5 19. Bf7 1-0

[Event "I Open Adriatico Ionio A"]
[Site "Ancona ITA"]
[Date "2009.01.08"]
[Round "8"]
[White "Guido, Flavio"]
[Black "Iordachescu, Viorel"]
[Result "1/2-1/2"]
[WhiteElo "2382"]
[BlackElo "2584"]
[PlyCount "67"]
[EventDate "2009.01.02"]

1. e4 e5 2. Nf3 Nc6 3. Bc4 Nf6 4. d3 h6 5. O-O d6 6. Re1 g6 7. d4 Qe7 8. Nc3
Bg7 9. Nd5 Qd8 10. Bb5 O-O 11. Bxc6 bxc6 12. Nxf6+ Qxf6 13. dxe5 dxe5 14. Bd2
Re8 15. Bc3 Qe7 16. Qe2 Qc5 17. Rad1 f6 18. Nh4 g5 19. Nf5 Bxf5 20. exf5 Rad8
21. Qe3 Bf8 22. Rd3 Rd5 23. Red1 Red8 24. Qe4 h5 25. h3 Rxd3 26. Rxd3 Rxd3 27.
Qxd3 Qd5 28. Qe2 Qxa2 29. Qxh5 Qb1+ 30. Kh2 Qxc2 31. Qg6+ Bg7 32. Qe8+ Kh7 33.
Qg6+ Kg8 34. Qe8+ 1/2-1/2

[Event "I Open Adriatico Ionio A"]
[Site "Ancona ITA"]
[Date "2009.01.08"]
[Round "8"]
[White "Lazic, Miroljub"]
[Black "Foglia, Maurizio"]
[Result "1-0"]
[WhiteElo "2454"]
[BlackElo "2164"]
[PlyCount "79"]
[EventDate "2009.01.02"]

1. e4 Nf6 2. e5 Nd5 3. d4 d6 4. c4 Nb6 5. exd6 exd6 6. Nc3 Be7 7. Bd3 Nc6 8.
Nge2 Bg4 9. Be3 Bh5 10. b3 Bf6 11. Qd2 Bg6 12. O-O O-O 13. h3 Re8 14. Bxg6 hxg6
15. d5 Ne5 16. Rae1 c6 17. Ng3 Qc7 18. Nge4 Be7 19. Rd1 cxd5 20. Bxb6 Qxb6 21.
Nxd5 Qd8 22. Nxe7+ Rxe7 23. c5 d5 24. Qxd5 Qxd5 25. Rxd5 Nc6 26. Nc3 Nb4 27.
Rd4 a5 28. a3 Nc6 29. Rd5 Rae8 30. Kh2 Kf8 31. Rfd1 Re5 32. Kg3 R8e7 33. Nb5
Rxd5 34. Rxd5 Re5 35. Rxe5 Nxe5 36. Nd6 Ke7 37. Nxb7 a4 38. bxa4 Kd7 39. Kf4
Nc4 40. Nd6 1-0

[Event "I Open Adriatico Ionio A"]
[Site "Ancona ITA"]
[Date "2009.01.08"]
[Round "8"]
[White "Medancic, Rikard"]
[Black "Madeira Martins, Wagner"]
[Result "1/2-1/2"]
[WhiteElo "2242"]
[BlackElo "2212"]
[PlyCount "58"]
[EventDate "2009.01.02"]

1. d4 Nf6 2. Nf3 c5 3. c4 cxd4 4. Nxd4 e5 5. Nb5 d5 6. cxd5 Bc5 7. e3 O-O 8.
N5c3 e4 9. a3 Nbd7 10. Nd2 Re8 11. Qc2 Qe7 12. g4 Nxg4 13. Qxe4 Bxe3 14. Qxg4
Bxd2+ 15. Kxd2 Nc5 16. Qf4 Nb3+ 17. Kc2 Nxa1+ 18. Kb1 Nb3 19. Be3 Bd7 20. Rg1
Rac8 21. Ka2 Nc5 22. Bd4 g6 23. Bc4 Ne6 24. dxe6 Rxc4 25. exd7 Qxd7 26. Rd1 Qe6
27. Ka1 Rd8 28. h4 Qd6 29. Qxd6 Rxd6 1/2-1/2

[Event "I Open Adriatico Ionio A"]
[Site "Ancona ITA"]
[Date "2009.01.08"]
[Round "8"]
[White "Stella, Andrea"]
[Black "Rovedi, Mauro"]
[Result "1-0"]
[WhiteElo "2273"]
[BlackElo "2047"]
[PlyCount "63"]
[EventDate "2009.01.02"]

1. d4 Nf6 2. c4 g6 3. Nc3 Bg7 4. e4 d6 5. Nge2 O-O 6. Ng3 e5 7. d5 c6 8. Be2
Nbd7 9. dxc6 Nc5 10. b4 Ne6 11. cxb7 Bxb7 12. O-O h5 13. Bd3 Nf4 14. Nge2 Nd7
15. g3 Ne6 16. Bc2 Nb6 17. Bb3 Ng5 18. c5 Nd7 19. Qxd6 Nxe4 20. Qxg6 Nxc3 21.
Nxc3 Qf6 22. Qxf6 Nxf6 23. b5 Bf3 24. Be3 Ng4 25. Bd5 e4 26. Bxa8 Rxa8 27. Rac1
Rd8 28. c6 Be5 29. Rfd1 Bxd1 30. Rxd1 Rd3 31. Rxd3 exd3 32. Bf4 1-0

[Event "I Open Adriatico Ionio A"]
[Site "Ancona ITA"]
[Date "2009.01.08"]
[Round "8"]
[White "Trabert, Bettina"]
[Black "Jakovljevic, Vlado"]
[Result "0-1"]
[WhiteElo "2306"]
[BlackElo "2420"]
[PlyCount "116"]
[EventDate "2009.01.02"]

1. e4 c5 2. Nf3 d6 3. d4 cxd4 4. Nxd4 Nf6 5. Nc3 a6 6. f4 Qc7 7. Be2 e6 8. O-O
Nc6 9. Be3 Be7 10. Kh1 O-O 11. Qe1 Nxd4 12. Bxd4 b5 13. a3 Bb7 14. Qg3 Bc6 15.
Rae1 Rae8 16. Bf3 Rd8 17. Re2 Ne8 18. Rd1 a5 19. Qf2 Rb8 20. Rde1 Ba8 21. Ba7
Rb7 22. Bd4 b4 23. axb4 axb4 24. Nd1 e5 25. Be3 Nf6 26. Bc1 Ra7 27. fxe5 dxe5
28. Qg3 Kh8 29. Bg5 h6 30. Bxf6 Bxf6 31. Ne3 g6 32. b3 Bc6 33. Nd5 Bxd5 34.
exd5 Bg7 35. Rd1 Qd6 36. Red2 Rd7 37. Be2 e4 38. Qxd6 Rxd6 39. Bb5 f5 40. Re2
Bc3 41. Bc6 Kg7 42. Rf1 h5 43. g3 Rf7 44. Kg2 Rc7 45. h4 Kf6 46. Kh3 Ke5 47.
Rf4 Rd8 48. Rf1 Kd6 49. Kg2 Rh8 50. Kh3 Ra7 51. Kg2 Ra5 52. Kh3 Rc5 53. Rg2 Be5
54. Kh2 Rc3 55. Re1 Ke7 56. Ra1 Rxc6 57. dxc6 Bxa1 58. Rd2 Rc8 0-1